00940nam a2200217 a 450000100100000000500170001000800410002702000150006824501570008326000720024030000300031249000670034250000210040950400730043050400310050354600330053470000410056770000340060883000670064204000130070900003985620201002033755.0130725s2001 sp 001 0 spa d a840007925600aBarlaam et iosaphat :bversión vulgata latina /ccon la traducción castellana de Juan de Arce Solorceno (1608); edición de Oscar de la Cruz Palma. aMadrid :bConsejo Superior de Investigaciones Científicas,c2001. a586 p. ; :bil. ;c26 cm.1 aNueva Roma : bibliotheca graeca et latina aevi posteriorisv12 aIncluye índice aIncluye referencias bibliográficas y notas al pie de las páginas aBibliografía : p. 91-103 aBarlaam et Iosaphat. Latín1 aCruz Palma, Óscar Luis de la,eed.1 aArce Solorceno, Juan de,eed. 0aNueva Roma : bibliotheca graeca et latina aevi posteriorisv12 aDO-SdBNP